000 00569nam a2200241 a 4500
001 nice12345678
003 IN_TiNIC
005 20260116013454.0
008 050524s1984 cala grp 000 0 eng
020 _a
_c400
082 0 0 _a291.4
_bDEB
100 _aDeb, Achintya Kumar
245 _aBhakti Movement in Orissa.
260 _aCalcutta
_bKalyani Devi
_c1984
300 _a278p
500 _aincludes index and biblioraphy
505 2 _aIndex
650 _aBhakti
700 1 _aDeb, Achintya Kumar
902 _bSRS
942 _cBK
999 _c11113
_d11113